| 000 | 00451nam a22001577a 4500 | ||
|---|---|---|---|
| 003 | OSt | ||
| 005 | 20251107120916.0 | ||
| 008 | 251107b |||||||| |||| 00| 0 eng d | ||
| 040 |
_beng _cASTL |
||
| 100 |
_aSingh, Pawan _9850421 |
||
| 245 | _aRole of extra-regional powers in Libya since 1986. | ||
| 260 |
_aDelhi. _bDepartment of African Studies, University of Delhi, _c2019. |
||
| 300 | _a96 p. | ||
| 650 | _2African Studies | ||
| 942 |
_2CC _cDIS _n0 |
||
| 999 |
_c1465173 _d1465173 |
||